Obras completas de San Agustín. (Record no. 172059)

MARC details
000 -LEADER
campo de control de longitud fija 01101nam a2200289 i 4500
001 - NÚMERO DE CONTROL
campo de control 172059
003 - IDENTIFICADOR DE NÚMERO DE CONTROL
campo de control ES-MaACL
005 - FECHA Y HORA DE LA ÚLTIMA TRANSACCIÓN
campo de control 20250808062824.0
007 - CAMPO FIJO DE DESCRIPCIÓN FÍSICA--INFORMACIÓN GENERAL
campo de control de longitud fija t|
008 - DATOS DE LONGITUD FIJA--INFORMACIÓN GENERAL
campo de control de longitud fija 090612s1989 sp |||| | spa d
020 ## - NÚMERO INTERNACIONAL ESTÁNDAR DEL LIBRO
Número Internacional Estándar del Libro 84-220-1355-X
100 0# - ENTRADA PRINCIPAL--NOMBRE DE PERSONA
Nombre de persona Agustín
Títulos y otros términos asociados al nombre Santo, Obispo de Hipona.
9 (RLIN) 125563
245 10 - MENCIÓN DEL TÍTULO
Título Obras completas de San Agustín.
Número de parte o sección de la obra XXVIII,
Nombre de parte o sección de la obra Escritos bíblicos (4º) /
Mención de responsabilidad, etc. introducción, versión, notas e índices de Olegario García de la Fuente ; [revisión del texto latino por Enrique Garmón].
250 ## - MENCION DE EDICION
Mención de edición Ed. bilingüe.
260 ## - PUBLICACIÓN, DISTRIBUCIÓN, ETC.
Lugar de publicación, distribución, etc. Madrid :
Nombre del editor, distribuidor, etc. La Editorial Católica,
Fecha de publicación, distribución, etc. 1989.
300 ## - DESCRIPCIÓN FÍSICA
Extensión 737 p. ;
Dimensiones 20 cm.
490 1# - MENCIÓN DE SERIE
Mención de serie Biblioteca de autores cristianos ;
Designación de volumen o secuencia 504
500 ## - NOTA GENERAL
Nota general Índices.
505 8# - NOTA DE CONTENIDO CON FORMATO
Nota de contenido con formato Contiene: Cuestiones sobre el Heptateuco
546 ## - NOTA DE IDIOMA
Nota de lengua/lenguaje Texto latino y traducción en español.
630 04 - PUNTO DE ACCESO ADICIONAL DE MATERIA--TÍTULO UNIFORME
Título uniforme Biblia-
Subdivisión general Crítica e interpretación.
9 (RLIN) 119239
700 1# - ENTRADA AGREGADA--NOMBRE PERSONAL
Nombre de persona García de la Fuente, Olegario.
9 (RLIN) 54444
700 1# - ENTRADA AGREGADA--NOMBRE PERSONAL
Nombre de persona Garmón, Enrique.
9 (RLIN) 140644
830 00 - PUNTO DE ACCESO ADICIONAL DE SERIE-TÍTULO UNIFORME
Título uniforme Biblioteca de autores cristianos
Designación de volumen o secuencia 504
9 (RLIN) 178679
852 ## - LOCALIZACIÓN
Ubicación ES-MaACL
Número de control de estantería J-491
Holdings
Estatus retirado Estado de pérdida Estado de daño No para préstamo Biblioteca de origen Biblioteca actual Ubicación en estantería Fecha de adquisición Fuente de adquisición Total de préstamos Signatura topográfica completa Código de barras Visto por última vez Precio de reemplazo Tipo de ítem Koha
        Biblioteca del Ateneo de Madrid Biblioteca del Ateneo de Madrid Depósito 2 12/06/2009     J-491 1180565 23/02/2023 23/02/2023 Libro impreso